7 cuentos quirománticos

محفوظ في:
التفاصيل البيبلوغرافية
المؤلف الرئيسي: Alegría Bazán, Ciro (مؤلف)
التنسيق: كتاب
اللغة:الإسبانية
منشور في: Bogotá La Oveja Negra 1980
الموضوعات:
الوسوم: إضافة وسم
لا توجد وسوم, كن أول من يضع وسما على هذه التسجيلة!

MARC

LEADER 00000nam a2200000 a 4500
001 UCQ6462
003 CL-VaPUC
008 981016e19800000CK |||||||||||||||||spa|d
082 0 4 |a Pe863  |b ALE  |2 21 
100 0 |a Alegría Bazán, Ciro  |e author  |9 420360 
245 1 0 |a 7 cuentos quirománticos 
300 |a 189 p 
942 |c BK 
945 |d 19981016 00:00:00  |a crobeson 
260 |a Bogotá  |b La Oveja Negra  |c 1980 
650 0 |a Cuentos peruanos  |9 317609 
650 0 |a Literatura peruana  |9 257452 
583 |a last modification  |c 20190712 03:56:28  |k Rodrigo Vera 
999 |c 276419  |d 276417 
952 |0 0  |1 0  |4 0  |6 PE_863_000000000000000_ALE_1980  |7 0  |8 A  |9 313637  |a BIBEDU  |b BIBEDU  |d 2019-11-20  |i 1481916  |o Pe863 ALE 1980  |p 1481916  |r 2019-11-20  |w 2019-11-20  |y BK  |k LIT